00810nam a2200241 i 4500001000300000100001900003245007200022250002500094260006900119300002800188500004800216504002600264650001400290655003000304015001700334020003300351040000800384041000800392044000800400080002100408008004100429856009800470bg1 aGórska, Ewa.10aErgonomia :bprojektowanie, diagnoza, eksperymenty /cEwa Górska. aWyd. 2 popr. i uzup. aWarszawa :bOficyna Wydawnicza Politechniki Warszawskiej,c2007. a455 s. :bil. ;c23 cm. aNa książce wyłącznie błędny ISBN. aBibliogr. s. 407-415. 9aErgonomia aPodręczniki akademickie aPB 7205/2008 a9788372077103z978837207710X cBPK0 apol aPOL a331.101.1(075.8)080314s2007 pl a f f |000 0 pol  uhttp://koha.tu.koszalin.pl/cgi-bin/koha/opac-detail.pl?biblionumber=54847yKatalog online BPK